00227nam a2200097Ia 4500008004100000041000800041100001700049245004600066260000900112300000800121230724s1999 xx und d aeng aBUDHANANDA S aCAN ONE BE SCIENTIFIC AND YET SPIRITUAL ? c1999 a536